| 000 -LEADER | |
|---|---|
| fixed length control field | 00400nam a22001457a 4500 |
| 005 - DATE AND TIME OF LATEST TRANSACTION | |
| control field | 20240108112510.0 |
| 008 - FIXED-LENGTH DATA ELEMENTS--GENERAL INFORMATION | |
| fixed length control field | 190405b xxu||||| |||| 00| 0 eng d |
| 020 ## - INTERNATIONAL STANDARD BOOK NUMBER | |
| ISBN | NO886 |
| 041 ## - LANGUAGE CODE | |
| Language code of text/sound track or separate title | eng |
| 100 ## - MAIN ENTRY--AUTHOR NAME | |
| Personal name | GOKHALE, S.B .,KOKATE,C.K AND PUROHIT,A.P |
| 245 ## - TITLE STATEMENT | |
| Title | A TEXT BOOK OF PHARMACOGNOSY-VI ( HARBAL. DRUG. TECHNOLOGY) |
| 260 ## - PUBLICATION, DISTRIBUTION, ETC. (IMPRINT) | |
| Place of publication | PUNE |
| Name of publisher | NIRALI NPRAKASHAN |
| 300 ## - PHYSICAL DESCRIPTION | |
| Number of Pages | 1.5 p, |
| 942 ## - ADDED ENTRY ELEMENTS (KOHA) | |
| Koha item type | Books |
| Lost status | Damaged status | Collection code | Home library | Current library | Shelving location | Date acquired | Source of acquisition | Cost, normal purchase price | Accession Number | Koha item type |
|---|---|---|---|---|---|---|---|---|---|---|
| PHARMACY | JRU Library | JRU Library | Shelf - 25- D | 05/04/2019 | PURCHESS | 100.00 | 22603 | Books | ||
| PHARMACY | JRU Library | JRU Library | Shelf - 25- D | 05/04/2019 | PURCHESS | 100.00 | 22604 | Books | ||
| Reference | JRU Library | SHELF-58-B | 05/04/2019 | PURCHESS | 100.00 | 22605 | Books |